000 00503nam a2200205Ia 4500
005 20250508165120.0
008 008 250505s9999 xx 000 0 eng d
020 _a81-85604-46-0
037 _aTextual
040 _aFEDL
_beng
_cFEDL
041 _aeng
_2eng
084 _a305.4, GEE
_qFEDL
100 _aGeetha V
245 0 _aPatriarchy
260 _aKolkatta
_bStree
_c2009
300 _a212 p.
365 _aINR
_b250
942 _cTEXL
_h305.4, GEE
999 _c1393249
_d1393249